MARC

LEADER 00000nam0a2200000 4500
001 291581
005 20231102000414.0
020 |a RU  |b 82-44600 
035 |a (RuTPU)RU\TPU\book\316159 
090 |a 291581 
100 |a 20150415d1981 k y0rusy5003 ca 
101 0 |a rus 
102 |a RU 
105 |a a z 001zy 
200 1 |a Оценка экономической эффективности и оптимизация надежности техники  |f Н. П. Макаркин 
210 |a Саратов  |c Изд-во Саратовского ун-та  |d 1981 
215 |a 206 с.  |c граф. 
606 1 |a Машины  |x Надежность  |2 stltpush  |3 (RuTPU)RU\TPU\subj\41708  |9 61494 
610 1 |a технические системы 
610 1 |a экономическая эффективность 
610 1 |a оценка 
610 1 |a оптимизация 
610 1 |a долговечность 
610 1 |a безотказность 
675 |a 62-192  |z rus  |v 3 
700 1 |a Макаркин  |b Н. П.  |g Николай Петрович 
801 0 |a RU  |b RuMRKP  |c 19950704  |g psbo 
801 1 |a RU  |b 63413507  |c 20150415 
801 2 |a RU  |b 63413507  |c 20220530  |g RCR 
942 |c BK